Broadband : (Record no. 13433)
[ view plain ]
| 000 -LEADER | |
|---|---|
| fixed length control field | 02614cam a22003854a 4500 |
| 001 - CONTROL NUMBER | |
| control field | 12888951 |
| 003 - CONTROL NUMBER IDENTIFIER | |
| control field | mut |
| 005 - DATE AND TIME OF LATEST TRANSACTION | |
| control field | 20240606081250.0 |
| 008 - FIXED-LENGTH DATA ELEMENTS--GENERAL INFORMATION | |
| fixed length control field | 020809s2002 dcua b 001 0 eng |
| 010 ## - LIBRARY OF CONGRESS CONTROL NUMBER | |
| LC control number | 2002012472 |
| 020 ## - INTERNATIONAL STANDARD BOOK NUMBER | |
| International Standard Book Number | 0815715927 (cloth : alk. paper) |
| 020 ## - INTERNATIONAL STANDARD BOOK NUMBER | |
| International Standard Book Number | 0815715919 (pbk. : alk. paper) |
| 040 ## - CATALOGING SOURCE | |
| Original cataloging agency | DLC |
| Transcribing agency | mut |
| Modifying agency | DLC |
| 042 ## - AUTHENTICATION CODE | |
| Authentication code | pcc |
| 043 ## - GEOGRAPHIC AREA CODE | |
| Geographic area code | n-us--- |
| 050 00 - LIBRARY OF CONGRESS CALL NUMBER | |
| Classification number | HE7781 |
| Item number | .B74 2002 |
| 082 00 - DEWEY DECIMAL CLASSIFICATION NUMBER | |
| Classification number | 384.3/3 |
| Edition information | 21 |
| 245 00 - TITLE STATEMENT | |
| Title | Broadband : |
| Remainder of title | should we regulate high-speed internet access? / |
| 260 ## - PUBLICATION, DISTRIBUTION, ETC. | |
| Place of publication, distribution, etc. | Washington, D.C. : |
| Name of publisher, distributor, etc. | AEI-Brookings Joint Center for Regulatory Studies, |
| Date of publication, distribution, etc. | 2002. |
| 300 ## - PHYSICAL DESCRIPTION | |
| Extent | viii, 338 p. : |
| Other physical details | ill. ; |
| Dimensions | 24 cm. |
| 500 ## - GENERAL NOTE | |
| General note | Papers from two conferences: one held by AEI-Brookings Joint Center for Regulatory Studies, Oct. 4-5, 2001 and the other by Columbia University Center for Tele-Information in New York. |
| 504 ## - BIBLIOGRAPHY, ETC. NOTE | |
| Bibliography, etc. note | Includes bibliographical references and index. |
| 505 0# - FORMATTED CONTENTS NOTE | |
| Formatted contents note | Broadband mysteries / Bruce M. Owen -- The demand for bandwidth : evidence from the Index Project / Hal R. Varian -- The demand for broadband : access, content, and the value of time / Paul N. Rappoport, Donald J. Kridel, and Lester D. Taylor -- Wired high-speed access / Charles L. Jackson -- From 2G to 3G : wireless competition for Internet-related services / Jerry Hausman -- Internet-related services : the results of asymmetric regulation / Jerry Hausman -- Competition and regulation : the case of broadband communications / Howard Shelanski -- Regulation and vertical integration in broadband access supply / Thomas W. Hazlett -- Broadband deployment : is policy in the way? / Gerald R. Faulhaber -- The financial effects of broadband regulation / George Bittlingmayer and Thomas W. Hazlett -- Subsidies, the value of broadband, and the importance of fixed costs / Austan Goolsbee -- The benefits of broadband and the effect of regulation / Robert W. Crandall, Robert W. Hahn, and Timothy J. Tardiff. |
| 650 #0 - SUBJECT ADDED ENTRY--TOPICAL TERM | |
| Topical term or geographic name entry element | Telecommunication policy |
| Geographic subdivision | United States. |
| 650 #0 - SUBJECT ADDED ENTRY--TOPICAL TERM | |
| Topical term or geographic name entry element | Internet |
| General subdivision | Government policy |
| Geographic subdivision | United States. |
| 650 #0 - SUBJECT ADDED ENTRY--TOPICAL TERM | |
| Topical term or geographic name entry element | Internet users |
| Geographic subdivision | United States. |
| 650 #0 - SUBJECT ADDED ENTRY--TOPICAL TERM | |
| Topical term or geographic name entry element | Broadband communication systems |
| Geographic subdivision | United States. |
| 700 1# - ADDED ENTRY--PERSONAL NAME | |
| Personal name | Crandall, Robert W. |
| 700 1# - ADDED ENTRY--PERSONAL NAME | |
| Personal name | Alleman, James H. |
| 710 2# - ADDED ENTRY--CORPORATE NAME | |
| Corporate name or jurisdiction name as entry element | AEI-Brookings Joint Center for Regulatory Studies. |
| 906 ## - LOCAL DATA ELEMENT F, LDF (RLIN) | |
| a | 7 |
| b | cbc |
| c | orignew |
| d | 1 |
| e | ecip |
| f | 20 |
| g | y-gencatlg |
| 942 ## - ADDED ENTRY ELEMENTS (KOHA) | |
| Source of classification or shelving scheme | Library of Congress Classification |
| Koha item type | Books |
| Withdrawn status | Lost status | Source of classification or shelving scheme | Damaged status | Not for loan | Home library | Current library | Shelving location | Date acquired | Source of acquisition | Total checkouts | Full call number | Barcode | Date last seen | Price effective from | Koha item type |
|---|---|---|---|---|---|---|---|---|---|---|---|---|---|---|---|
| Library of Congress Classification | Murang'a University of Technology Library | Murang'a University of Technology Library | General stacks | 13/10/2017 | Donation-TFC | HE7781 .B74 2002 | 012759 | 30/08/2024 | 13/10/2017 | Books |